Tổ chức và hoạt động của hội đồng nhân dân xã từ thực tiễn tỉnh Bến Tre Luận văn thạc sĩ. Chuyên ngành: Luật Hiến pháp và Luật hành chính. Mã ngành: 8380102

Spremljeno u:
Bibliografski detalji
Glavni autor: Võ, Thị Hồng Xuyến
Autori kompanije: Ủy ban Nhân dân tỉnh Trà Vinh, Trường Đại học Trà Vinh
Daljnji autori: Võ Thị Hồng Xuyến; Đỗ Minh Khôi
Jezik:Undetermined
Vietnamese
Izdano: Trà Vinh Trường Đại học Trà Vinh 2019
Teme:
Oznake: Dodaj oznaku
Bez oznaka, Budi prvi tko označuje ovaj zapis!
Thư viện lưu trữ: Trung tâm Học liệu Trường Đại học Trà Vinh
LEADER 01065nam a2200289Ia 4500
001 TVU_32094
008 210423s9999 xx 000 0 und d
041 |a vie 
082 |a 342.59709 
082 |b X527 
100 |a Võ, Thị Hồng Xuyến 
245 0 |a Tổ chức và hoạt động của hội đồng nhân dân xã từ thực tiễn tỉnh Bến Tre 
245 0 |b Luận văn thạc sĩ. Chuyên ngành: Luật Hiến pháp và Luật hành chính. Mã ngành: 8380102 
245 0 |c Võ Thị Hồng Xuyến ; Đỗ Minh Khôi (hướng dẫn khoa học) 
260 |a Trà Vinh 
260 |b Trường Đại học Trà Vinh 
260 |c 2019 
300 |a ix, 89 tr. 
300 |b minh hoạ 
300 |c 30 cm 
504 |a Thư mục: tr. 86-89 
650 |a Hội đồng Nhân dân 
700 |a Võ Thị Hồng Xuyến; Đỗ Minh Khôi  
700 |e hướng dẫn khoa học 
710 |a Ủy ban Nhân dân tỉnh Trà Vinh 
710 |b Trường Đại học Trà Vinh 
980 |a Trung tâm Học liệu Trường Đại học Trà Vinh